| 000 | 00641nam a2200229Ia 4500 | ||
|---|---|---|---|
| 003 | OSt | ||
| 005 | 20221007064712.0 | ||
| 006 | a|||||r|||| 00| 0 | ||
| 007 | ta | ||
| 008 | 221006b |||||||| |||| 00| 0 eng d | ||
| 024 | _a44,842 | ||
| 037 | _cReference Collections | ||
| 040 |
_aFLL _cFLL _beng |
||
| 041 |
_2eng _aeng |
||
| 082 | _aTxN34:g(Z) | ||
| 100 |
_aMATA DIN _9526086 |
||
| 245 | 0 | _aSelected articles on social justice and other matters by | |
| 260 |
_aDelhi _bM/s Kamlesh Publication India |
||
| 300 |
_a326p. _ccm. |
||
| 942 |
_hTxN34:g(Z) _cREF _2CC |
||
| 999 |
_c1135065 _d1135065 |
||